01017nam a2200229 a 450000100100000000500170001000800410002702000150006804000250008308200150010810000400012324500890016326000730025230000290032549000310035450000790038570000340046483000400049895201130053895201190065199900170077000004575720201002052428.0150511s1993 dr a 000 0 spa d a980010478X aDO-SdBNPbspacBNPHU axxxxbxxxx1 aGoldberg, Jacqueline,d1966-97383014aUna señora con sombrero /cJacqueline Goldberg ; ilustraciones de Cristina Keller. aCaracas, Venezuela :bMonte Ávila Editores Latinoamericana,c1993. a[28] P. :bil. ;c21 cm.1 aPrimera dimensiónaazul. aIncluye datos biográficos de la autora en la solapa de la contracubierta12aKeller, Cristina,eil.973831 0aPrimera dimensión ;pazul.973832 0010718PDaPDbPDcCTd2015-05-11iLF1l0oxxxx xxxxp45757-10r2020-06-25w2020-06-25yLFPDZNo se presta 0010718PDaPDbPDcCTd2015-05-11iLF1l0oxxxx xxxxp45757-20r2020-06-25te. 2w2020-06-25yLFPDZNo se presta c45246d45246